The Hidden Forest / (رقم التسجيلة. 116529)

تفاصيل مارك
000 -LEADER
fixed length control field 00520nam a22001937a 4500
005 - DATE AND TIME OF LATEST TRANSACTION
control field 20251108174728.0
008 - FIXED-LENGTH DATA ELEMENTS--GENERAL INFORMATION
fixed length control field 250721s2000 xx 000 0 eng d
020 ## - INTERNATIONAL STANDARD BOOK NUMBER
International Standard Book Number 744561639
082 14 - DEWEY DECIMAL CLASSIFICATION NUMBER
Classification number J/F/BAK
100 1# - MAIN ENTRY--PERSONAL NAME
Personal name baker, jeannie
Relator term auth.
245 14 - TITLE STATEMENT
Title The Hidden Forest /
264 1# - PRODUCTION, PUBLICATION, DISTRIBUTION, MANUFACTURE, AND COPYRIGHT NOTICE
Place of production, publication, distribution, manufacture london :
Name of producer, publisher, distributor, manufacturer waler books and pubsidiaries,
Date of production, publication, distribution, manufacture, or copyright notice 2000.
300 ## - PHYSICAL DESCRIPTION
Extent [ 20 p ]
650 17 - SUBJECT ADDED ENTRY--TOPICAL TERM
Topical term or geographic name as entry element FICTION
650 17 - SUBJECT ADDED ENTRY--TOPICAL TERM
Topical term or geographic name as entry element CHILDREN
653 ## - INDEX TERM--UNCONTROLLED
Uncontrolled term اطفال مرحله متوسطه ( 6 - 9 سنوات )
942 ## - ADDED ENTRY ELEMENTS (KOHA)
Source of classification or shelving scheme Dewey Decimal Classification
Koha item type كتب
المقتنيات
حالة السحب حالة الفقدان مصدر التصنيف حالة التلف غير قابل للإعارة المكتبة الرئيسية المكتبة الحالية موقع الرف تاريخ التزويد الرقم المتسلسل Total Checkouts رقم الإستدعاء الباركود تاريخ آخر ظهور تاريخ الفاتورة نوع المادة (كوها)
    Dewey Decimal Classification     المكتبة المركزية المكتبة المركزية مقتنيات قسم التزويد 28/07/2025 1277931   J/F/BAK PLD00090596 28/07/2025 28/07/2025 كتب
    Dewey Decimal Classification     مكتبة الأميرة سلمى مكتبة الأميرة سلمى الأطفال 22/08/2009 1297030   J/F/BAK PLD00107203 28/07/2025 22/08/2009 كتب
    Dewey Decimal Classification     مكتبة البراءة للأطفال مكتبة البراءة للأطفال الأطفال 22/08/2009 1297023   J/F/BAK PLD00107196 28/07/2025 22/08/2009 كتب
    Dewey Decimal Classification     مكتبة الحسن العامة مكتبة الحسن العامة الأطفال 22/08/2009 1297028   J/F/BAK PLD00107201 28/07/2025 22/08/2009 كتب
    Dewey Decimal Classification     مكتبة الراية الهاشمية للأطفال مكتبة الراية الهاشمية للأطفال الأطفال 02/02/2015 1591305   J/F/BAK PLD00315113 28/07/2025 02/02/2015 كتب
    Dewey Decimal Classification     مكتبة ومركز فرح مكتبة ومركز فرح الأطفال 17/05/2009 1277932   J/F/BAK PLD00091443 28/07/2025 17/05/2009 كتب
    Dewey Decimal Classification     مكتبةمؤتة مكتبةمؤتة الأطفال 17/05/2009 1277936   J/F/BAK PLD00091447 28/07/2025 17/05/2009 كتب
Implemented & Customized by: BBB with SCIT (Smart Chains for Information Technology)

Powered by Koha